Diagnóstico y macro análisis administrativos del sector público del istmo centroamericano

Na minha lista:
Detalhes bibliográficos
Autor Corporativo: ESAPAC
Formato: Texto
Publicado em: San José: ESAPAC
Tags: Adicionar Tag
Sem tags, seja o primeiro a adicionar uma tag!

MARC

LEADER 00000 a a2200000 04500
001 22528
003
040
090 |a 153400  
110 |a ESAPAC  
245 |a Diagnóstico y macro análisis administrativos del sector público del istmo centroamericano  
260 |a San José:   |b ESAPAC  
300 |a 65 p.  
999 |c 10676  |d 10676